MDQL
is popping MORE tags! Check the
thread
!
Quizzes
Events
Quiz Creation
Community
Videos
Private Events
Remove Ads
Sign In
Join for FREE
Feedback
Dark Mode
Quiz Categories
Sports
Geography
Music
Movies
Television
Just For Fun
Miscellaneous
History
Literature
Language
Science
Gaming
Entertainment
Religion
Holiday
For Kids
Quiz Lab
Recent
Popular Today
Quiz Kudos Today
Editor Picks
Curator Picks
Quizzes by...
Day
Popularity
Type
Ratings
Length
Year
Community
Subscriptions
Recent Discussions
Orange Saloon
Badges
Playlists
Quests
Create
Leaderboards
Showdown
Live 5
Trivia Bingo
Activity
Puzzle Library
Sporcle Events
Private Events
Virtual Trivia
Globe League
Become a Host
Pub Owners
SporcleCon
Opinionation
Our Games
Videos
Blog
Mobile Apps
Partnerships
Remove Ads and Go Orange
Feedback
Sports
Athletes
MLB
NBA
NHL
NFL
Soccer
Sports Teams
WWE
NCAA
Football
Premier League
Basketball
Baseball
Hockey
Golf
Tennis
Cricket
Rugby
Auto Racing
Olympics
World Cup
Sports
Athletes
MLB
NBA
NHL
NFL
Soccer
Sports Teams
WWE
NCAA
Football
Premier League
Basketball
Baseball
Hockey
Golf
Tennis
Cricket
Rugby
Auto Racing
Olympics
World Cup
Random Quiz
Search Sporcle
×
Quiz Lab
Quiz Lab
Sports
NASCAR
Type in answers that appear in a list
Type in answers that appear in a list
Classic
Best Score? Go Orange.
2012 NASCAR Sprint Cup Series Race Winners Stats
Can you name the 2012 NASCAR Sprint Cup Series Race Winners?
By
tstewart14
10m
41 Questions
248 Plays
248 Plays
248 Plays
Comments
Comments
Give Quiz Kudos
Give Quiz Kudos
-
- Ratings
hide this ad
More Info
Replay
Link that replays current quiz
Next Quiz
Link to next quiz in quiz playlist
You Got
0%
They Got
Avg Score
91%
Avg Friend Score
Upgrade to see
Score Distribution
Jump to the score distribution portion of the page
Score
0/41
Timer
10:00
0
Plays Today
Race
Driver
% Correct
Budweiser Shootout
Kyle Busch
100%
Subway Fresh Fit 500
Denny Hamlin
100%
STP 400
Denny Hamlin
100%
Capital City 400
Kyle Busch
100%
IRWIN Tools Night Race
Denny Hamlin
100%
AdvoCare 500
Denny Hamlin
100%
Sylvania 300
Denny Hamlin
100%
Gatorade Duel #1
Tony Stewart
99.6%
Kobalt Tools 400
Tony Stewart
99.6%
Auto Club 400
Tony Stewart
99.6%
Bojangles' Southern 500
Jimmie Johnson
99.6%
Sprint All-
Star Race
Jimmie Johnson
99.6%
FedEx 400
Jimmie Johnson
99.6%
Coke Zero 400
Tony Stewart
99.5%
Crown Royal Presents the Curtiss Shaver 400
Jimmie Johnson
99.5%
Pennsylvania 400
Jeff Gordon
99.5%
Good Sam Roadside Assistance 500
Matt Kenseth
99.5%
Hollywood Casino 400
Matt Kenseth
99.5%
Tums Fast Relief 500
Jimmie Johnson
99.5%
AAA Texas 500
Jimmie Johnson
99.5%
Ford EcoBoost 400
Jeff Gordon
99.5%
Race
Driver
% Correct
Gatorade Duel #2
Matt Kenseth
99.2%
Daytona 500
Matt Kenseth
99.2%
Goody's Fast Relief 500
Ryan Newman
99.2%
Coca-
Cola 600
Kasey Kahne
99.2%
Quicken Loans 400
Dale Earnhardt Jr.
99.1%
Quaker State 400
Brad Keselowski
99.1%
Lenox Industrial Tools 301
Kasey Kahne
99.1%
Pure Michigan 400
Greg Biffle
99.1%
Geico 400
Brad Keselowski
99.1%
AAA 400
Brad Keselowski
99%
Samsung Mobile 500
Greg Biffle
98.8%
Sprint Showdown
Dale Earnhardt Jr.
98.8%
Pocono 400
Joey Logano
98.7%
Food City 500
Brad Keselowski
98.4%
Aaron's 499
Brad Keselowski
98.4%
Toyota/
Save Mart 350
Clint Bowyer
98.2%
Federated Auto Parts 400
Clint Bowyer
98.2%
Bank of America 500
Clint Bowyer
98.1%
Finger Lakes 355
Marcos Ambrose
97.7%
AdvoCare 500
Kevin Harvick
97.5%
Quiz Playlist
Details
Report
Send in Message
Add To Playlist
More Info:
Will hopefully be updated as each race is completed during the season. Also includes exhibition and Daytona qualifying races.
Classic:
Type in answers that appear in a list
Quiz Source
Last Updated: Feb 16, 2017
Quiz Scoreboard
CHALLENGE
Sign Up to Join the Scoreboard
Show All
Scores
Hide
Comments
May contain spoilers
Recently Published
Holiday 10x10 Sorting Gallery
by lukepisani3
Holiday
15m
Two Season TV Shows II
by 123Four
Television
10m
Image Sorting: Flags VI
by Barbecue
Geography
2m
More to Explore
Quiz From the Vault
Featured Blog Post
14 Easter Pick-up Lines to Find Eggs With
hide this ad
You Might Also Like...
Tags
NASCAR
Nascar Driver
Racing
Winner
Today's Top Quizzes in Sports
Browse Sports
hide this ad
Today's Top Quizzes in NASCAR
Browse NASCAR
Top Contributed Quizzes in Sports
1
Les meilleurs buteurs des matchs entre le PSG et l’OM
2
Les entraîneurs de l'OM et du PSG au 21e siècle
3
2022 World Cup Stars
4
Les joueurs passés par le PSG et l'OM
5
Players with Multiple 50 Home Run Seasons
6
FIFA Club World Cup Champions
7
Top 10 NHL Goal Scorers of All Time
8
Les joueurs passés par le LOSC et le RC Lens
9
Criteria MLB: Left Handed Sluggers
10
2023 MLB Unique Player Accomplishments
Explore More
Trending Topics
Anime
Harry Potter
Disney
NBA
Marvel
Kpop
Crossword
NFL
WWE
Country
The Office
Soccer
Song
Puzzle
Pokémon
hide this ad
More By:
tstewart14
Quiz
Plays
Rating
Category
Featured
Created
Bands With Number 1 Mainstream Rock Hits in the US
2,479
4.28
Music
May 26, 2012
Different Nationalities of Formula 1 Drivers
1,669
4.42
Sports
Jun 26, 2013
2015 NASCAR Sprint Cup Series Winners
1,208
5.00
Sports
Nov 23, 2015
NCAA Division I FBS Football Schools By Conference
998
4.17
Sports
Dec 2, 2013
2016 Daytona 500 Drivers
893
4.67
Sports
Feb 22, 2016
Go to Creator's Profile
Score Distribution
Quiz Creator Spotlight
tstewart14
Follow
Send a Message
Quizzes Created
-
Created Quiz Play Count
-
More By This Creator
Popular Quizzes Today
1
Find the US States - No Outlines Minefield
2
Colored Red Africa Blitz
3
Find the 'City' Movie
4
The Countries of the World
5
5x2 Blitz: Bands
6
Find the US States
7
Find the Countries of Europe - No Outlines Minefield
8
US States
More Sports Quizzes
Detroit Lions Thanksgiving Opponents
Published
Trending Quizzes
Colored Red Europe Blitz I
Colored Red Europe Blitz II
Colored Red Africa Blitz II
Colored Red Europe Blitz III
Colored Red Africa Blitz III
Recently Updated
Odd Team Out - Big 4 Players
pecheneg
Quick Pick: 20 Twenties
pecheneg
March Madness Men's Triple Doubles
pecheneg
How Do You Spell That?
pecheneg
Godzilla Movies
pecheneg
Grab Bag: 4-10 Letters
pecheneg
2024 March Madness Bracket
pecheneg
Famous TV Couples
Peacemaker
Champions League XIs: Real Madrid
pecheneg
Largest US Cities 1790-2010
pecheneg
Trending Topics
Marvel
Harry Potter
Anime
NBA
Kpop
Crossword
Disney
Soccer
Song
Puzzle
The Office
Pokémon
Country
NFL
WWE
Your Account Isn't Verified!
In order to create a playlist on Sporcle, you need to verify the email address you used during registration. Go to your
Sporcle Settings
to finish the process.
Report this User
Report this user for behavior that violates our
Community Guidelines
.
Details:
Send Report
Go to the Sporcle.com Mobile Site →
Comments